header

COSMO-2000 (Record no. 14330)

MARC details
000 -LEADER
fixed length control field 01593nam a2200349Ia 4500
245 10 - TITLE STATEMENT
Title COSMO-2000
260 ## - PUBLICATION, DISTRIBUTION, ETC. (IMPRINT)
Place of publication Singapore ;
-- River Edge, N.J. :
Name of publisher World Scientific,
Year of publication c2001.
300 ## - PHYSICAL DESCRIPTION
Number of Pages xii, 501 p. :
Other physical details ill.
650 #0 - SUBJECT ADDED ENTRY--TOPICAL TERM
Topical Term Cosmology
Topical Term Particles (Nuclear physics)
Topical Term Astrophysics
700 1# - ADDED ENTRY--PERSONAL NAME
Personal name Kim, Jihn E.
Personal name Ko, Pyungwon.
Personal name Lee, Kimyeong.
856 40 - ELECTRONIC LOCATION AND ACCESS
Uniform Resource Identifier http://site.ebrary.com/lib/rucke/Doc?id=10255900

No items available.

© 2026 Rongo University
Contact us: librarian | system librarian | Rongo university